000 00398nam a2200181Ia 4500
005 20240823060224.0
008 240823s9999||||xx |||||||||||||| ||und||
041 _aTAMIL
082 _A635 Q8
100 _aVivekananda Kendram
245 0 _aMaadittotam
250 _a1st
260 _c2018
_bVivekananda Ke
500 _aDISPLAY
650 _aTamil
_bGeneral
942 _cBK
999 _c230618
_d230618